000 00675nam a2200241 i 4500
001 C2-0286836
003 PPAK
005 20180728020219.0
008 080129s2006 my a|||| ||||| | eng d
020 _a967950221X
040 _aPPAK
_beng
_cPPAK
_erda
082 0 4 _a621.38133
_223
090 0 0 _a621.38133
_bAJE
_dG
100 0 _aA. Jemila Rani,
_eauthor
245 1 0 _aElectronic devices and components
264 1 _aPetaling Jaya, Selangor :
_bIBS Buku ,
_c2006
300 _axi, 195 pages :
_billustrations ;
_c21 cm
336 _2rdacontent
_atext
337 _2rdamedia
_aunmediated
338 _2rdacarrier
_avolume
650 1 0 _aSemi conductors
942 _ddc
_cB
999 _c92553
_d92553